• 首页
  • 本馆介绍
  • 公告通知
  • 最新文献
  • 馆藏检索
  • 电子资源
  • 读者导购
  • 参考咨询
  • 我的图书馆
  • 登录
  • 详细信息显示
  • 放入我的书架
  • 预约/预借图书
  • 作者相关作品
  • 分类相关作品
  • 丛书相关作品
  • 出版社相关作品

书目信息

  • 表格格式
  • 工作单格式
  • 卡片格式
题名:
每个人都会死,但我总以为自己不会
    
 
作者: 卡斯卡特 , 克莱因 著 ;胡燕娟 译
分册:  
出版信息: 北京   人民邮电出版社  2013
页数: 205页
开本: 21cm
丛书名:
单 册:
中图分类: B086-49
科图分类:
主题词: 死亡哲学--si wang zhe xue--通俗读物 , 死亡哲学--si wang zhe xue
电子资源:
ISBN: 978-7-115-32492-4
000 01525nam0 22002891 450
001 1754501746
005 20170516112211.0
010    @a978-7-115-32492-4@dCNY32.00
100    @a20131121d2013 em y0chiy50 ea
101 1  @achi@ceng
102    @aCN@b110000
105    @aa z 001yy
106    @ar
200 1  @a每个人都会死,但我总以为自己不会@9mei ge ren du hui si dan wo zong yi wei zi ji bu hui@dHeidegger and a hippo walk through those pearly gates: using philosophy (and jokes!) to explore life, death, the afterlife, and everything in between@f(美)Thomas Cathcart,(美)Daniel Klein著@g胡燕娟译@zeng
210    @a北京@c人民邮电出版社@d2013
215    @a205页@c图@d21cm
300    @a图灵教育
330    @a本书中两位哲学家从哲学、神学和心理学的角度,探讨了死亡和永生,揭开了死亡的棺材盖,让我们正视生与死。叔本华、尼采、加缪和萨特依次出场,陈述他们对于死亡和生命的认识。不过这绝不是一本枯燥又晦涩的书,这些哲学家的身旁还站着诸多幽默作家,让各位在各种诙谐幽默的小故事中思考死亡。
510 1  @aHeidegger and a hippo walk through those pearly gates: using philosophy (and jokes!) to explore life, death, the afterlife, and everything in between@zeng
606 0  @a死亡哲学@9si wang zhe xue@j通俗读物
606 0  @a死亡哲学@9si wang zhe xue
690    @aB086-49@v5
701  0 @c(美)@a卡斯卡特@9ka si ka te@c(Cathcart, Thomas)@4著
701  0 @c(美)@a克莱因@9ke lai yin@c(Klein, Daniel B.@f1962~)@4著
702  0 @a胡燕娟@9hu yan juan@4译
801  0 @aCN@b百万庄@c20170512
905    @b1005660-5@dB086-49@e70@f6
    
    每个人都会死,但我总以为自己不会=Heidegger and a hippo walk through those pearly gates: using philosophy (and jokes!) to explore life, death, the afterlife, and everything in between/(美)Thomas Cathcart,(美)Daniel Klein著/胡燕娟译.-北京:人民邮电出版社,2013
    205页:图;21cm
    图灵教育
    
    ISBN 978-7-115-32492-4:CNY32.00
    本书中两位哲学家从哲学、神学和心理学的角度,探讨了死亡和永生,揭开了死亡的棺材盖,让我们正视生与死。叔本华、尼采、加缪和萨特依次出场,陈述他们对于死亡和生命的认识。不过这绝不是一本枯燥又晦涩的书,这些哲学家的身旁还站着诸多幽默作家,让各位在各种诙谐幽默的小故事中思考死亡。
●
相关链接 在E读中查询图书 在五车中查询图书 在当当中查询图书 在豆瓣中查询图书


正题名:每个人都会死,但我总以为自己不会     索取号:B086-49/70         预约/预借

序号 登录号 条形码 馆藏地/架位号 状态 备注
1 1005660   210056605   第一样本阅览室/ [索取号:B086-49/70] 在馆    
2 1005662   210056623   教育系资料室/ [索取号:B086-49/70] 在馆    
3 1005663   210056632   教育系资料室/ [索取号:B086-49/70] 在馆    
4 1005664   210056641   第一借阅区/ [索取号:B086-49/70] 在馆    
5 1005665   210056650   第一借阅区/ [索取号:B086-49/70] 在馆    
唐山师范学院图书馆 欢迎您!
大连网信软件有限公司© 版权所有